Longest-serving Chief Ministers - Statistics

General Stats
  • This quiz has been taken 7 times
  • The average score is 5 of 10
Answer Stats
Party Length of Term(s) State CM % Correct
CPI(M) 23 years, 137 days West Bengal Jyoti Basu
100%
BJD 22 years, 290 days Odisha Naveen Patnaik
100%
SDF 24 years, 165 days Sikkim Pawan Kumar Chamling
50%
Many 22 years, 276 days Arunchal Pradesh Gegong Apang
33%
CPI(M) 19 years, 363 days Tripura Manik Sarkar
33%
DMK 18 years, 293 days Tamil Nadu M. Karunanidhi
33%
SAD 17 years, 261 days Punjab Parkash Singh Badal
33%
INC 21 years, 11 days Himachal Virbhadra Singh
33%
INC 21 years, 55 days Mizoram Lal Thanhawla
17%
INC 18 years, 30 days Himachal Yashwant Singh Parmar
17%
No matching quizzes found
Score Distribution
Percent of People with Each Score
Percentile by Number Answered
Your Score History
You have not taken this quiz